| 000 | 00357nam a2200145Ia 4500 | ||
|---|---|---|---|
| 008 | 230917s9999||||xx |||||||||||||| ||und|| | ||
| 040 |
_e171293 _aMAIN |
||
| 041 | _aEnglish | ||
| 082 | _a346.03 S31T | ||
| 100 | _aStevens Robert | ||
| 245 | 0 | _aTorts and rights | |
| 260 |
_aOxford _bOxford University Press _c2009 |
||
| 300 | _axxxvi 361 p. | ||
| 942 | _cBK | ||
| 999 |
_c155356 _d155356 |
||